000 00508nam a2200181Ia 4500
001 21247
005 20260306172905.0
008 260306t2016||||xx |||||||||||||| ||spa||
041 _aESP
082 _a344.41
_bZ95
100 _aZúñiga Rodríguez, Laura
_eAUT
245 0 _aLey contra el crimen organizado (ley N° 30077):
_baspectos sustantivos procesales y de ejecución penal
260 _c2016
300 _a718 páginas :
_c25 cm.
650 _aGEN
654 _aCDE
942 _cLIB
_dJUS
_fJUS
_2ddc
_n
999 _c21247
_d21247